000 00262nam a2200109Ia 4500
008 190216s9999||||xx |||||||||||||| ||und||
100 _aFerrar W L
245 0 _aIntegral Calculus
260 _bOxford University Press
_c1958
650 _aMathematics
942 _cBK
999 _c30444
_d30444